01105 a2200193 4500003000500000005001700005010001700022020002800039040000900067082001600076100002100092245004500113250001200158260005400170300007200224505057000296650002500866650002000891Nust20221118122411.0 a 2002019750 a0130942006 (alk. paper) cNust00a621.381,FLO1 aFloyd, Thomas L.10aDigital fundamentals /cThomas L. Floyd. a8th ed. aUpper Saddle River, N.J. :bPrentice Hall,c2003. axvii, 942 p. :bill. (some col.) ;c28 cm. +e2 CD-ROMs (4 3/4 in.) aIntroductory Digital Concepts (Page-3), Number Systems Operations and Codes (Page-40), Logic Gates (Page-104), Boolean Algebra and Logic Simplification (Page-168), Combinational Logic (Page-236), Functions of Combinational Logic (Page-288), Combinational Logic (Page-362), Flip Flops (Page-392), Counters (Page-458), Shift Register (Page-530), Sequential Logic (Page-582),Memory and Storage (Page-616),Introduction to Microprocessors Computer and Buses (Page-692), Introduction to Digital Signal Processing (Page-756) , Integrated Circuits Technologies (Page-798),  0aDigital electronics. 0aLogic circuits.